<?xml version="1.0" encoding="UTF-8"?>
<record
    xmlns:xsi="http://www.w3.org/2001/XMLSchema-instance"
    xsi:schemaLocation="http://www.loc.gov/MARC21/slim http://www.loc.gov/standards/marcxml/schema/MARC21slim.xsd"
    xmlns="http://www.loc.gov/MARC21/slim">

  <leader>01955nam a2200337 a 4500</leader>
  <controlfield tag="001">000033376</controlfield>
  <controlfield tag="003">OSt</controlfield>
  <controlfield tag="005">20240302073950.0</controlfield>
  <controlfield tag="008">090819s2009   dr ac         000 0 spa dr</controlfield>
  <datafield tag="020" ind1=" " ind2=" ">
    <subfield code="a">999347682X (v.1)</subfield>
  </datafield>
  <datafield tag="040" ind1=" " ind2=" ">
    <subfield code="a">DO-SdBNP</subfield>
    <subfield code="b">spa</subfield>
    <subfield code="c">BNPHU</subfield>
  </datafield>
  <datafield tag="082" ind1=" " ind2="4">
    <subfield code="a">330.97293</subfield>
    <subfield code="b">C343h</subfield>
    <subfield code="2">22</subfield>
  </datafield>
  <datafield tag="100" ind1="1" ind2=" ">
    <subfield code="a">Cass&#xE1;, Roberto, </subfield>
    <subfield code="d">1948-</subfield>
    <subfield code="9">10888</subfield>
  </datafield>
  <datafield tag="245" ind1="1" ind2="0">
    <subfield code="a">Historia social y econ&#xF3;mica de la Rep&#xFA;blica Dominicana /</subfield>
    <subfield code="c">Roberto Cass&#xE1; ; ilustraciones  Ramiro Manzano ; fotografias Emilio Cordero Michael y Roberto Cassa.</subfield>
  </datafield>
  <datafield tag="250" ind1=" " ind2=" ">
    <subfield code="a">ed. aumentada y corregida </subfield>
  </datafield>
  <datafield tag="260" ind1=" " ind2=" ">
    <subfield code="a">Santo Domingo :</subfield>
    <subfield code="b">Alfa &amp; Omega,</subfield>
    <subfield code="c">2009</subfield>
  </datafield>
  <datafield tag="300" ind1=" " ind2=" ">
    <subfield code="a">v. :</subfield>
    <subfield code="b">il., retrs. ;</subfield>
    <subfield code="c">27 cm.</subfield>
  </datafield>
  <datafield tag="500" ind1=" " ind2=" ">
    <subfield code="a">La biblioteca posee la reimpresi&#xF3;n del 2013.</subfield>
  </datafield>
  <datafield tag="500" ind1=" " ind2=" ">
    <subfield code="a"> </subfield>
  </datafield>
  <datafield tag="504" ind1=" " ind2=" ">
    <subfield code="a">Bibliograf&#xED;a : p. 345-352</subfield>
  </datafield>
  <datafield tag="505" ind1="0" ind2=" ">
    <subfield code="a"> El territorio dominicano y su poblamiento --  Antecedentes europeos  -- Espa&#xF1;a medieval  -- &#xC1;frica occidental en los albores de la &#xE9;poca moderna  --  Los pobladores abor&#xED;genes  -- Col&#xF3;n y la conquista espa&#xF1;ola  -- La encomienda  -- Decadencia de la encomienda y tr&#xE1;nsito de la agropecuaria  -- La industria azucarera -- Econom&#xED;a y sociedad en el siglo XVI -- La depresi&#xF3;n prolongada del siglo XVII  -- Recuperaci&#xF3;n del siglo XVIII  -- El hato ganadero y los fundamentos del campesinado  -- Cambios en las condiciones internacionales  -- Crisis del orden colonial  -- El precario retorno de la soberan&#xED;a espa&#xF1;ola  -- La ocupaci&#xF3;n haitiana.</subfield>
  </datafield>
  <datafield tag="590" ind1=" " ind2=" ">
    <subfield code="a">Inventariado 2020 /VM</subfield>
  </datafield>
  <datafield tag="651" ind1=" " ind2="4">
    <subfield code="a">Rep&#xFA;blica Dominicana</subfield>
    <subfield code="x">Condiciones Econ&#xF3;micas</subfield>
    <subfield code="x">Historia</subfield>
    <subfield code="9">1210</subfield>
  </datafield>
  <datafield tag="651" ind1=" " ind2="4">
    <subfield code="a">Rep&#xFA;blica Dominicana</subfield>
    <subfield code="x">Condiciones Sociales</subfield>
    <subfield code="x">Historia</subfield>
    <subfield code="9">1211</subfield>
  </datafield>
  <datafield tag="651" ind1=" " ind2="4">
    <subfield code="a">Rep&#xFA;blica Dominicana</subfield>
    <subfield code="x">Poblaci&#xF3;n</subfield>
    <subfield code="x">Historia</subfield>
    <subfield code="9">1456</subfield>
  </datafield>
  <datafield tag="700" ind1="1" ind2=" ">
    <subfield code="a">Manzano, Ramiro,                               </subfield>
    <subfield code="e">il.</subfield>
    <subfield code="9">768</subfield>
  </datafield>
  <datafield tag="700" ind1="1" ind2=" ">
    <subfield code="a">Cordero Michael, Emilio,</subfield>
    <subfield code="e">fot.</subfield>
    <subfield code="9">81563</subfield>
  </datafield>
  <datafield tag="700" ind1="1" ind2=" ">
    <subfield code="a">Cass&#xE1;, Roberto,</subfield>
    <subfield code="e">fot.</subfield>
    <subfield code="9">81564</subfield>
  </datafield>
  <datafield tag="910" ind1=" " ind2=" ">
    <subfield code="a">VMateo /Validado. Control de calidad MFF</subfield>
  </datafield>
  <datafield tag="942" ind1=" " ind2=" ">
    <subfield code="2">ddc</subfield>
    <subfield code="c">LBS1</subfield>
  </datafield>
  <datafield tag="952" ind1=" " ind2=" ">
    <subfield code="0">0</subfield>
    <subfield code="1">0</subfield>
    <subfield code="2">ddc</subfield>
    <subfield code="5">3</subfield>
    <subfield code="7">0</subfield>
    <subfield code="8">PD</subfield>
    <subfield code="a">BNPHU</subfield>
    <subfield code="b">BNPHU</subfield>
    <subfield code="c">HD</subfield>
    <subfield code="d">2011-08-25</subfield>
    <subfield code="e">Dep&#xF3;sito Legal </subfield>
    <subfield code="f"> </subfield>
    <subfield code="i"> </subfield>
    <subfield code="l">2</subfield>
    <subfield code="o">BNPHU PD 330.97293 C343h</subfield>
    <subfield code="p">33376-10</subfield>
    <subfield code="q">2022-08-30</subfield>
    <subfield code="r">2022-08-30</subfield>
    <subfield code="s">2022-08-30</subfield>
    <subfield code="t">v.1</subfield>
    <subfield code="w">2020-06-25</subfield>
    <subfield code="y">LBS1</subfield>
    <subfield code="z"> </subfield>
  </datafield>
  <datafield tag="952" ind1=" " ind2=" ">
    <subfield code="0">0</subfield>
    <subfield code="1">0</subfield>
    <subfield code="2">ddc</subfield>
    <subfield code="5">3</subfield>
    <subfield code="7">0</subfield>
    <subfield code="8">PD</subfield>
    <subfield code="a">BNPHU</subfield>
    <subfield code="b">BNPHU</subfield>
    <subfield code="c">HD</subfield>
    <subfield code="d">2018-06-11</subfield>
    <subfield code="e">Dep&#xF3;sito Legal </subfield>
    <subfield code="i"> </subfield>
    <subfield code="o">BNPHU PD 330.97293 C343h</subfield>
    <subfield code="p">33376-20</subfield>
    <subfield code="r">2020-06-25</subfield>
    <subfield code="t">v.1, e.2</subfield>
    <subfield code="w">2020-06-25</subfield>
    <subfield code="y">LBS1</subfield>
  </datafield>
  <datafield tag="952" ind1=" " ind2=" ">
    <subfield code="0">0</subfield>
    <subfield code="1">0</subfield>
    <subfield code="2">ddc</subfield>
    <subfield code="5">6</subfield>
    <subfield code="7">0</subfield>
    <subfield code="8">DS</subfield>
    <subfield code="a">BNPHU</subfield>
    <subfield code="b">BNPHU</subfield>
    <subfield code="c">HD</subfield>
    <subfield code="d">2018-06-11</subfield>
    <subfield code="e">Dep&#xF3;sito Legal </subfield>
    <subfield code="i"> </subfield>
    <subfield code="o">BNPHU DS 330.97293 C343h </subfield>
    <subfield code="p">33376-30</subfield>
    <subfield code="r">2020-06-25</subfield>
    <subfield code="t">v.1, e.3</subfield>
    <subfield code="w">2020-06-25</subfield>
    <subfield code="y">LBS1</subfield>
  </datafield>
  <datafield tag="952" ind1=" " ind2=" ">
    <subfield code="0">0</subfield>
    <subfield code="1">0</subfield>
    <subfield code="2">ddc</subfield>
    <subfield code="5">6</subfield>
    <subfield code="7">0</subfield>
    <subfield code="8">DS</subfield>
    <subfield code="a">BNPHU</subfield>
    <subfield code="b">BNPHU</subfield>
    <subfield code="c">HD</subfield>
    <subfield code="d">2018-06-11</subfield>
    <subfield code="e">Dep&#xF3;sito Legal </subfield>
    <subfield code="i"> </subfield>
    <subfield code="o">BNPHU DS 330.97293 C343h </subfield>
    <subfield code="p">33376-40</subfield>
    <subfield code="r">2020-06-25</subfield>
    <subfield code="t">v.1, e. 4</subfield>
    <subfield code="w">2020-06-25</subfield>
    <subfield code="y">LBS1</subfield>
  </datafield>
  <datafield tag="952" ind1=" " ind2=" ">
    <subfield code="0">0</subfield>
    <subfield code="1">0</subfield>
    <subfield code="2">ddc</subfield>
    <subfield code="5">6</subfield>
    <subfield code="7">0</subfield>
    <subfield code="8">DS</subfield>
    <subfield code="a">BNPHU</subfield>
    <subfield code="b">BNPHU</subfield>
    <subfield code="c">HD</subfield>
    <subfield code="d">2018-06-11</subfield>
    <subfield code="e">Dep&#xF3;sito Legal </subfield>
    <subfield code="i"> </subfield>
    <subfield code="o">BNPHU DS 330.97293 C343h </subfield>
    <subfield code="p">33376-50</subfield>
    <subfield code="r">2020-06-25</subfield>
    <subfield code="t">v.1, e.5</subfield>
    <subfield code="w">2020-06-25</subfield>
    <subfield code="y">LBS1</subfield>
    <subfield code="z"> </subfield>
  </datafield>
  <datafield tag="999" ind1=" " ind2=" ">
    <subfield code="c">32867</subfield>
    <subfield code="d">32867</subfield>
  </datafield>
</record>
